Identify the Country from the Female Leader - Statistics

General Stats
  • This quiz has been taken 31 times
  • The average score is 12 of 15
Answer Stats
Hint Country % Correct
Angela Merkel Germany
100%
Indira Gandhi India
100%
Margaret Thatcher UK
100%
Benazir Bhutto Pakistan
96%
Golda Meir Israel
89%
Aung San Suu Kyi Myanmar
89%
Yulia Tymoshenko Ukraine
89%
Cristina Fernández de Kirchner Argentina
78%
Mary Robinson Ireland
78%
Jacinda Ardern New Zealand
70%
Julia Gillard Australia
67%
Kim Campbell Canada
59%
Sirimavo Bandaranaike Sri Lanka
59%
Ellen Johnson Sirleaf Liberia
52%
Sanna Marin Finland
48%
No matching quizzes found
Score Distribution
Percent of People with Each Score
Percentile by Number Answered
Your Score History
You have not taken this quiz